| 000 | 00342nam a2200145 i 4500 | ||
|---|---|---|---|
| 001 | bg | ||
| 100 | 1 | _aKUREK, S. | |
| 245 | 0 |
_aZadania z chemii fizycznej / _cS. Kurek, A. Włodarczyk. |
|
| 260 |
_aKraków, _c1990. |
||
| 700 | 1 | _aWŁODARCZYK, A. | |
| 040 | _cBPK | ||
| 041 | _apol | ||
| 942 | _cKS | ||
| 008 | s pl f |000 0 pol | ||
| 999 |
_c4689 _d4689 |
||
| 856 |
_uhttp://koha.tu.koszalin.pl/cgi-bin/koha/opac-detail.pl?biblionumber=4689 _yKatalog online BPK |
||